Central Library OPAC University of Rajshahi

Industrial Workers in theUSSR / (Record no. 2723)

MARC details
000 -LEADER
fixed length control field 00672nam a22002417a 4500
001 - CONTROL NUMBER
control field 2723
003 - CONTROL NUMBER IDENTIFIER
rucl marc code BD-RjUL
005 - DATE AND TIME OF LATEST TRANSACTION
control field 20211208233615.0
008 - FIXED-LENGTH DATA ELEMENTS--GENERAL INFORMATION
fixed length control field 131217s1967 un || |||| 001 0 eng d
035 ## - SYSTEM CONTROL NUMBER
System control number (BD-RjUL)2750
040 ## - CATALOGING SOURCE
Original cataloging agency BD-RjUL
Language of cataloging eng
Transcribing agency BD-RjUL
041 ## - LANGUAGE CODE
Language code of text/sound track or separate title eng
082 04 - DEWEY DECIMAL CLASSIFICATION NUMBER
Classification number 331.0947
Author mark and year IND
245 1# - TITLE STATEMENT
Title Industrial Workers in theUSSR /
Statement of responsibility, etc. Ed. by Robert Conquest
260 ## - PUBLICATION, DISTRIBUTION, ETC. (IMPRINT)
Place of publication, distribution, etc. London :
Name of publisher, distributor, etc. The Bodley Head,
Date of publication, distribution, etc. c1967
300 ## - PHYSICAL DESCRIPTION
Pagination 203p. ;
Size 21cm.
490 1# - SERIES STATEMENT
Series statement Soviet Student Series
504 ## - BIBLIOGRAPHY, ETC. NOTE
Bibliography, etc Includes index
650 07 - SUBJECT ADDED ENTRY--TOPICAL TERM
Source of heading or term SLSH
Topical term or geographic name as entry element Industrial Workers
9 (RLIN) 8756
830 ## - SERIES ADDED ENTRY--UNIFORM TITLE
Volume number/sequential designation Soviet Student Series
Uniform title Soviet Student Series
942 ## - ADDED ENTRY ELEMENTS (KOHA)
Source of classification or shelving scheme Dewey Decimal Classification
Koha item type Books
Holdings
Lost status Source of classification or shelving scheme Damaged status Not for loan Collection code Permanent Location Current Location Shelving location Date acquired Source of acquisition Cost, normal purchase price Total Checkouts Full call number Date last seen Copy number Koha item type
  Dewey Decimal Classification   Not For Loan Non-fiction Central Library, University of Rajshahi Central Library, University of Rajshahi Reading Room 02/02/1973 Book Center 33.00   331.0947 IND 1967 17/12/2013 C-1 Books